|
|
|
|
| LEADER |
00887nam a22002537a 4500 |
| 001 |
35554 |
| 003 |
BD-DhAAL |
| 005 |
20251224194006.0 |
| 008 |
191104t2005 ii a|||| |||| 00| 0 eng d |
| 040 |
|
|
|a BD-DhAAL
|
| 082 |
|
|
|a 512
|
| 100 |
|
|
|a Athavale, H V.
|9 36725
|
| 245 |
|
|
|a Algebra for high schools /
|c H V Athavale.
|
| 250 |
|
|
|a Revised edition.
|
| 260 |
|
|
|a Bombay :
|b Macmillan,
|c 2005.
|
| 300 |
|
|
|a 516 pages :
|b illustrations ;
|c 18 cm.
|
| 526 |
|
|
|a BIED
|
| 541 |
|
|
|a Complimentary copy from BIED
|e 35554
|
| 650 |
|
|
|a Algebra
|9 36726
|
| 650 |
|
|
|a Mathematics
|9 36727
|
| 852 |
|
|
|a Ayesha Abed Library
|c BIED Collection
|
| 942 |
|
|
|2 ddc
|c BK
|
| 999 |
|
|
|c 41745
|d 41745
|
| 952 |
|
|
|0 0
|1 0
|2 ddc
|4 0
|6 512_000000000000000_ATH
|7 0
|9 66995
|a BRACUL
|b BRACUL
|c GEN
|d 2019-11-04
|e Complimentary copy from BIED
|l 0
|o 512 ATH
|p 3010035554
|r 2019-11-04
|t 1
|w 2019-11-04
|y BK
|x Transferred from BIED to General Stacks
|